000 00684nam a2200241Ia 4500
003 OSt
005 20220918230601.0
006 a|||||r|||| 00| 0
007 ta
008 220917b |||||||| |||| 00| 0 eng d
024 _a256,126
037 _cTextual
040 _aARTS
_cARTS
_beng
041 _2eng
_aeng
082 _aQ:31.6, LO;1
100 _aSawyerr Harry
245 0 _aGod ancestor or creator ?
_b aspects of tradtional belief in Ghana,Nigeria and Sierra Leone
260 _aIdman
_bLongman Group Ltd London
_c1970
300 _axiii,77p
_ccm.
650 _aRELIGION
942 _hQ:31.6, LO;1
_cTEXL
_2CC
999 _c288409
_d288409